000 005330000a22001690004500
041 0 _aSPA
082 0 4 _aG 253.4 A489p
245 1 0 _aLe presento a mi salvador : Un estudo de la motivación y el método en el evangelismo personal / Ismael E. Amaya, Traductor
260 _aKansas, Mossouri, USA : Casa Nazarena
300 _a80 Pag
500 _aTítulo original : Meet my Saviour
001 6387
942 _cBK
999 _c36659
_d36659
336 _atexto
_btxt
_2rdacontent
337 _2rdamedia
_asin mediación
_bn
338 _2rdacarrier
_avolumen
_bnc